000 01733nam2a22002891 4500
001 v19\rc\1484713
005 20250618154003.0
035 _a(NLR Aleph) 004616575
090 _a2984320
_c2984320
100 _a20060620e18801880|||y0rusy50 ca
101 0 _arus
102 _aRU
105 _ay z |||||
200 0 _aОтд. 2
210 _d1880
_aБ. м.
215 _a35 с.
311 _aИз "Волын. епарх. вед." за 1880 г., № 13-14, 15 в прил.
461 0 _1001v19\rc\1484711
_12001#$aОписание святых икон и других священных изображений, находящихся в большом соборном храме Успения божией матери в Почаевской лавре$eОтд. 1-2$f[Прот. А. Хойнацкий]$vОтд. 2
_1700#1$aХойнацкий$bА.Ф.$f1837-1888$gАндрей Федорович
_92984297
_aХойнацкий, А. Ф. (1837-1888)
_cПочаев
_d1879-1880
_f[Прот. А. Хойнацкий]
_nтип. Почаевской лавры
_oОтд. 1-2
_p2 т.
_tОписание святых икон и других священных изображений, находящихся в большом соборном храме Успения божией матери в Почаевской лавре
_vОтд. 2
488 0 _12001#$aВолынские епархиальные ведомости$v1880, № 13-14 и 15 в прил.
_tВолынские епархиальные ведомости
801 0 _aRU
_bNLR
_gpsbo
801 0 _aRU
_bRuMoRGB
_2psbo
801 1 _aRU
_bProSoft-M
_2rusmarc
852 _aNLR
_j18.217.5.160
852 _aNLR
_j5/8(период.)
899 _aГПИБ
942 _cBOOK
980 _aNB